[Event "RUS-ch U18"]
[Site "Dagomys"]
[Date "2004.04.??"]
[Round "5"]
[White "Rjabzev, Konstantin"]
[Black "Maslov, Mikhail"]
[Result "1/2-1/2"]
[WhiteElo "2338"]
[BlackElo "2243"]
[PlyCount "70"]
[EventDate "2004.04.??"]
[EventType "swiss"]
[EventRounds "10"]
[EventCountry "RUS"]
[SourceTitle "EXT 2005"]
[Source "ChessBase"]
[SourceDate "2004.11.15"]
[SourceVersion "1"]
[SourceVersionDate "2004.11.15"]
[SourceQuality "1"]

1. e4 e5 2. Nf3 Nf6 3. Nxe5 d6 4. Nf3 Nxe4 5. Nc3 Nf6 6. d4 Be7 7. Bd3 c6 8. h3 b5 9. 0-0 h6 10. Ne2 Na6 11. d5 Nxd5 12. Bxb5 Ndb4 13. Ba4 Nc5 14. c3 Nxa4 15. Qxa4 Nd3 16. Qxc6+ Bd7 17. Qd5 Nxc1 18. Raxc1 0-0 19. Ned4 Rc8 20. b4 Qb6 21. a3 Rfe8 22. c4 Qa6 23. c5 dxc5 24. Qxd7 cxd4 25. Rxc8 Qxc8 26. Qxd4 Qc7 27. Re1 Rd8 28. Qe4 Bf6 29. g3 Qd7 30. Kg2 Rc8 31. Re3 Qb5 32. Nd4 Qc4 33. Nb3 Qb5 34. Qd3 Qc6+ 35. Qe4 Qb5 1/2-1/2